000 00739nam a22002777a 4500
001 BR8903496
003 BR-BrBNA
005 20230928093252.0
007 ta
008 230509b bl.||||| |||| 00| 0 por d
040 _aBR-BrBNA
_bpor
_cBiblioteca Nacional de Agricultura
041 _a(Por)
072 _aL01; L10
_b5920
090 _ 5920 BR8903496
100 1 _aNeves, D.M.
245 1 _aCriacao caseira da chinchila e seu melhoramento genetico
250 1 _a2. ed.
260 3 _aSao Paulo, SP (Brasil):
_bNobel,
_c1989.
300 _a145 p.
500 _a56 illus.; 9 ref.
650 _aCHINCHILA
650 _aCRIACAO
650 _aMELHORAMENTO GENETICO ANIMAL
909 _a202309
_bLucia
_c55
_dLucia Elande
942 _cBK
999 _c43985
_d43985